Users with the Most Quizzes - Statistics

General Stats
  • This quiz has been taken 13 times
  • The average score is 3 of 28
Answer Stats
# of Quizzes User % Correct
581 relessness
62%
228 bomber184
46%
309 kiwirage
46%
863 Jerry928
38%
156 kalbahamut
38%
506 scambigol
38%
100 burntfrost
8%
102 CBTemple
8%
123 Geoguy
8%
121 geoPunk
8%
130 Kquilikquiit
8%
103 mathpunk
8%
166 MitchellDavid
8%
106 MitchellOakes
8%
111 Beefcake
0%
209 blairwaite
0%
218 camus
0%
126 cuotak
0%
162 djulbulbul
0%
122 GymnastPunk
0%
108 jacky911
0%
111 KoljiVriVoda
0%
233 Macaco
0%
138 NZRugbyQuizzes
0%
273 PSTSCCH
0%
140 RBM5
0%
110 RudyOhrenstein
0%
110 Seals
0%
No matching quizzes found
Score Distribution
Percent of People with Each Score
Percentile by Number Answered
Your Score History
You have not taken this quiz